Online
Catalog

Túnel de proa verde : (Record no. 4704)

MARC details
000 -CABECERA
campo de control de longitud fija 00825cam a2200253 a 4500
001 - NÚMERO DE CONTROL
campo de control 000004898
005 - FECHA Y HORA DE LA ÚLTIMA TRANSACCIÓN
campo de control 20200929151528.0
008 - DATOS DE LONGITUD FIJA--INFORMACIÓN GENERAL
campo de control de longitud fija 990304s1998 xxc 001 p spa
020 ## - NÚMERO INTERNACIONAL ESTÁNDAR DEL LIBRO
Número Internacional Estándar del Libro 0921411804 (pbk.)
041 17 - CÓDIGO DE LENGUA
Código de lengua del texto/banda sonora o título independiente spa
Código de lengua original eng
082 ## - NÚMERO DE LA CLASIFICACIÓN DECIMAL DEWEY
Número de clasificación 811.54
Número de documento/Ítem R585t
040 ## - FUENTE DE LA CATALOGACIÓN
Centro catalogador/agencia de origen DO-SdBNP
100 1# - ENTRADA PRINCIPAL--NOMBRE DE PERSONA
Nombre de persona Rio, Nela,
Numeración 1977-
9 (RLIN) 14164
240 10 - TÍTULO UNIFORME
Título uniforme Tunnel of the green prow.
Lenguaje de la obra Español
245 10 - MENCIÓN DE TÍTULO
Título Túnel de proa verde :
Resto del título poemas /
Mención de responsabilidad, etc. Nela Rio ; traducción, Hugh Hazelton .
246 31 - FORMA VARIANTE DE TÍTULO
Título propio/Titulo breve Tunnel of the green prow
260 ## - PUBLICACIÓN, DISTRIBUCIÓN, ETC.
Lugar de publicación, distribución, etc. Canadá :
Nombre del editor, distribuidor, etc. Broken Jaw Press,
Fecha de publicación, distribución, etc. 1998.
300 ## - DESCRIPCIÓN FÍSICA
Extensión 88 p. ;
Dimensiones 23 cm.
534 ## - NOTA SOBRE LA VERSIÓN ORIGINAL
Encabezamiento principal del original Título original
Mención de título del original Tunnel of the green prow.
650 #4 - PUNTO DE ACCESO ADICIONAL DE MATERIA--TÉRMINO DE MATERIA
Término de materia o nombre geográfico como elemento de entrada Poesía canadiense
9 (RLIN) 14165
650 #4 - PUNTO DE ACCESO ADICIONAL DE MATERIA--TÉRMINO DE MATERIA
Término de materia o nombre geográfico como elemento de entrada Literatura canadiense
Subdivisión cronológica SIGLO XX
9 (RLIN) 7991
700 1# - PUNTO DE ACCESO ADICIONAL--NOMBRE DE PERSONA
Nombre de persona Hazelton, Hugh
Término indicativo de función/relación tr.
9 (RLIN) 14166
910 ## - DATOS DE OPCIÓN DEL USUARIO (OCLC)
Datos de opción del usuario Catalogación por copia noche/
Holdings
Estado de retiro Estado de pérdida Restricciones de uso No para préstamo Código de colección Localización permanente Ubicación/localización actual Ubicación en estantería Fecha de adquisición Número de inventario Total de préstamos Signatura topográfica completa Código de barras Fecha visto por última vez Precio válido a partir de Tipo de ítem Koha
    Préstamo interno   Monografías: Libros y Folletos General General En catalogación 27.07.2009 LF1   811.54 R585t 4898-10 25.06.2020 25.06.2020 Préstamo interno

Powered by Koha